00570nam a2200169Ia 4500003000900000008004100009040001600050080002600066110003300092245015000125260005000275300000900325650001900334650001500353650001400368650001800382IN-BaIIA211028s9999 xx 000 0 eng d cIIA Library a083.7:69.025.356bISI aIndian Standards Institution 0aIndian Standard Code of Practice for Laying of Flexible PVC Sheet and Tile FlooringcIndian Standards Institution  aNew DelhibIndian Standards Institutionc1970 a12p. aNASA Thesaurus aPVC Sheets aStandards aTile Flooring